|
|
|
|
| LEADER |
02453nam a2200613 i 4500 |
| 001 |
nkc20233508474 |
| 003 |
CZ PrNK |
| 005 |
20230518080138.0 |
| 007 |
ta |
| 008 |
230322s2022 xr a c 6 000 1 ger |
| 015 |
|
|
|a cnb003508474
|
| 020 |
|
|
|a 978-80-280-0149-0
|q (brožováno)
|
| 035 |
|
|
|a (OCoLC)1378695241
|
| 040 |
|
|
|a OLA001
|b cze
|e rda
|
| 041 |
1 |
|
|a ger
|h cze
|
| 072 |
|
7 |
|a 575
|x Obecná genetika. Obecná cytogenetika. Evoluce
|2 Konspekt
|9 2
|
| 072 |
|
7 |
|a 0/9-053.2
|x Literatura pro děti a mládež (naučná)
|2 Konspekt
|9 26
|
| 080 |
|
|
|a 575
|2 MRF
|
| 080 |
|
|
|a 577.21
|2 MRF
|
| 080 |
|
|
|a (03/09)741.52
|2 MRF
|
| 080 |
|
|
|a (0.053.2)
|2 MRF
|
| 100 |
1 |
|
|a Vitková, Zuzana
|7 jo2017968623
|4 aut
|
| 240 |
1 |
0 |
|a Genetika, aneb, Od hrášku po genom.
|l Německy
|
| 245 |
1 |
0 |
|a Genetik?, oder, Von der Erbse zum Genom /
|c Zuzana Vitková, Eva Chocholová, Eliška Svobodová, Olga Štaffa, Blanka Křížová, Zdenka Broušková ; Übersetzung: Martina Komendová
|
| 246 |
3 |
0 |
|a Von der Erbse zum Genom
|
| 250 |
|
|
|a 1. Auflage
|
| 264 |
|
1 |
|a Brno :
|b Masarykova univerzita,
|c 2022
|
| 300 |
|
|
|a 9 nečíslovaných stran :
|b ilustrace (některé barevné) ;
|c 30 cm
|
| 336 |
|
|
|a text
|b txt
|2 rdacontent
|
| 336 |
|
|
|a statický obraz
|b sti
|2 rdacontent
|
| 337 |
|
|
|a bez média
|b n
|2 rdamedia
|
| 338 |
|
|
|a svazek
|b nc
|2 rdacarrier
|
| 500 |
|
|
|a Název z obálky
|
| 500 |
|
|
|a Přeloženo z češtiny
|
| 650 |
0 |
7 |
|a genetika
|7 ph114609
|x dějiny
|2 czenas
|
| 650 |
0 |
7 |
|a DNA (nukleová kyselina)
|7 ph116977
|2 czenas
|
| 650 |
0 |
9 |
|a genetics
|x history
|2 eczenas
|
| 650 |
0 |
9 |
|a deoxyribonucleic acid
|2 eczenas
|
| 655 |
|
7 |
|a naučné komiksy
|7 fd1058479
|2 czenas
|
| 655 |
|
7 |
|a publikace pro děti
|7 fd133156
|2 czenas
|
| 655 |
|
9 |
|a nonfiction comics
|2 eczenas
|
| 655 |
|
9 |
|a children's literature
|2 eczenas
|
| 700 |
1 |
|
|a Chocholová, Eva
|7 mub20181005652
|4 aut
|
| 700 |
1 |
|
|a Svobodová, Eliška
|7 ola20211133478
|4 aut
|
| 700 |
1 |
|
|a Štaffa, Olga,
|d 1984-
|7 kv2012739208
|4 aut
|
| 700 |
1 |
|
|a Křížová, Blanka,
|d 1978-
|7 ola20211133497
|4 aut
|
| 700 |
1 |
|
|a Broušková, Zdenka
|7 ola20211133502
|4 aut
|
| 700 |
1 |
|
|a Komendová, Martina
|7 xx0082060
|4 trl
|
| 910 |
2 |
|
|a BOA001
|b 4-1505.795
|
| 990 |
|
|
|a BK
|
| 995 |
|
|
|a 01
|
| 991 |
|
|
|b 202305
|c NOV
|
| 996 |
6 |
|
|b 2610938146
|c 4-1505.795
|l MZK
|r Sklad / do 1 hodiny
|n 0
|p p.v.
|w 001924785
|u 000010
|a 1
|e BOA001
|j MZK50
|s P
|
| 996 |
7 |
|
|b 2610938147
|c 4-1505.795
|l MZK
|r Sklad / do 1 hodiny
|n 0
|p p.v.
|w 001924785
|u 000020
|a 1
|e BOA001
|j MZK50
|s A
|